|
|
|
|
| LEADER |
00000naa a2200000uu 4500 |
| 001 |
vtls011093543 |
| 003 |
SK-MaSNL |
| 005 |
20260302140841.0 |
| 008 |
210824|2006 xo |||||||||||||||||slo| |
| 015 |
|
|
|a SNBRA
|
| 035 |
|
|
|a (urnnbn)urn:nbn:sk:snk:ar-a0csex
|
| 035 |
|
|
|a (uuid)1ee0959c-35a1-47f0-a39a-370278f72b42
|
| 035 |
|
|
|a urn:nbn:sk:snk-aavy35
|
| 040 |
|
|
|a SNKBUCL
|b slo
|c SNKBUCL
|e AACR2
|
| 041 |
0 |
|
|a slo
|
| 044 |
|
|
|a xo
|c SK
|
| 100 |
1 |
|
|a Kmeť, Jaroslav,
|d 1957-
|4 aut
|9 37027
|
| 245 |
1 |
0 |
|a EKOFYZIOLOGICKÉ ASPEKTY NOVODOBÉHO ODUMIERANIA SMREČÍN V OBLASTI HORNÉHO SPIŠA A KYSÚC
|c Jaroslav Kmeť, Ľubica Ditmarová
|
| 700 |
1 |
|
|a Ditmarová, Ľubica
|4 aut
|9 21868
|
| 773 |
0 |
|
|t Aktuálne problémy v ochrane lesa 2006 : zborník referátov z medzinárodného seminára, ktorý sa konal 6. - 7. apríla 2006 v Banskej Štiavnici
|d Zvolen : Národné lesnícke centrum, 2006
|g S. 72-77
|z 8088853974
|
| 958 |
|
|
|a OND
|
| 958 |
|
|
|a article12
|
| 958 |
|
|
|a chapter
|
| 999 |
|
|
|c 1332731
|d 1334661
|